| 000 | 00797nam a22001937a 4500 | ||
|---|---|---|---|
| 003 | NALT | ||
| 005 | 20220517120253.0 | ||
| 008 | s2522 th tha d | ||
| 040 | _aNALT | ||
| 041 | _atha | ||
| 090 | _aอศ ท599ท 2522 | ||
| 245 | 0 | 0 | _aที่ระลึกในงานพระราชทานเพลิงศพ นางเทพดรุณาทร (ผิว กัลยาณมิตร). |
| 260 |
_aกรุงเทพฯ : _bโรงพิมพ์ ร.ส.พ., _c2522. |
||
| 300 |
_a108 หน้า : _bภาพประกอบ ; _c26 ซม. |
||
| 600 | 0 | 4 |
_958041 _aเทพดรุณาทร (ผิว กัลยาณมิตร) _xชีวประวัติ |
| 850 | _aNALT | ||
| 942 |
_cCRE _2local |
||
| 998 |
_bVSINEE _cDAO _j1020 _k จำเรียง ระวังสำโรง |
||
| 999 |
_c23408 _d23408 |
||